[Event "ACL-A638"]
[Site "www.playchess.de"]
[Date "2006.03.03"]
[Round "8"]
[White "jets00"]
[Black "ETC_Chess"]
[WhiteElo "1500"]
[BlackElo "1891"]
[PlyCount "98"]
[Result "1/2-1/2"]

1.e4 {hello}  d5 {Hello and good luck!}  2.exd5 
Qxd5 3.Nc3 Qa5 4.d4 Nf6 5.Nf3 c6 6.Ne5 Be6 7.Bd3 
Nbd7 8.Nxd7 Bxd7 9.O-O Bf5 10.Bf4 Rd8 11.Re1 Bg6 
12.Be5 Nd7 13.d5 Nxe5 14.Rxe5 e6 15.Qf3 Qc7 
16.Rae1 Bd6 17.R5xe6+ fxe6 18.Rxe6+ Kd7 19.Qh3 Kc8 
20.Rxg6+ Kb8 21.Re6 Rhe8 22.g3 Bc5 23.Ne4 cxd5 
24.Rxe8 Rxe8 25.Nxc5 Qxc5 26.Qxh7 Rf8 27.Bf5 Qd4 
28.c3 Qe5 29.g4 d4 30.Qh3 dxc3 31.bxc3 Qf4 32.Qd3 
g6 33.Bxg6 Qxf2+ 34.Kh1 a6 35.a3 Rc8 36.h3 Qf6 
37.c4 Qf4 38.Kg2 Rxc4 39.Qg3 Qxg3+ 40.Kxg3 Rc3+ 
41.Kf4 Rxh3 42.g5 Kc7 43.Bf5 Rh8 44.g6 Kd6 45.Kg5 
Rg8 46.Kf6 {(offering draw)}  Rf8+ 47.Kg5 Ke5 
48.Bg4 Rg8 49.a4 Rg7 {(offering draw)} 
 1/2-1/2

[Event "HCL-C4080"]
[Site "www.playchess.de"]
[Date "2006.03.03"]
[Round "9"]
[White "Thrustnicely"]
[Black "happydollar"]
[WhiteElo "933"]
[BlackElo "800"]
[PlyCount "69"]
[Result "1-0"]

1.e4 c5 {heh....good luck...may we have a smashing 
game old boy!}  2.c4 {fingers crossed :-)}  Nc6 
{how many games u have going..i have about 
30...i'm addicted}  3.a3 {only about 14 at the mo} 
 Nf6 {that's managable...i have nightmares and 
sometimes make the most appaling mistakes..but i 
guess that's the attraction...keeping your thing 
together}  4.f3 {i'll keep it real}  Nd4 {g'day 
mon ami}  5.e5 {I fear you will be the death of me 
my sprightly friend - so much energy for one so 
old ...}  Ng8 {you sleep when u die old chap}  
6.Ne2 {Excellent - but remember i keep what i kill 
!!}  Nc6 {that's the spirit en-ga-land...u think 
rooney's gonna win u world cup?}  7.f4 {Our boys 
are paid to much and lack the passion - but we 
have an easy start so fingers crossed}  d6 
{naaaah...rooney's gonna stuff 
em
}  8.Qb3 e6 9.g3 dxe5 10.fxe5 Nxe5 11.Ng1 Nf6 
12.d4 cxd4 13.Qb5+ Nc6 {g'day old bean}  14.Bg2 
{Hi}  a6 15.Qg5 Be7 {hi yourself}  16.Qxg7 Rg8 
17.Qh6 e5 18.Ne2 Rg6 19.Qd2 Be6 20.Bxc6+ Bd7 
21.Bxb7 Ra7 22.Bd5 Nxd5 23.cxd5 Rc6 24.dxc6 Bxc6 
25.Rf1 Bb5 26.Rf5 Bf6 27.a4 Bd7 28.Rh5 Bg4 29.Rxh7 
d3 30.Nec3 Qb6 31.Qe3 Qb7 32.Nd2 Qh1+ 33.Nf1 Bf5 
34.Qxa7 e4 35.Qxf7+ {Great Game - i thought you 
had me earlier - lucky old thrust !!} 
 1-0

[Event "HCL-C4164"]
[Site "www.playchess.de"]
[Date "2006.03.03"]
[Round "27"]
[White "valpa"]
[Black "Skipper_Robert"]
[WhiteElo "1054"]
[BlackElo "972"]
[PlyCount "55"]
[Result "1-0"]

1.b4 {Willkommen zur neuen Partie}  d5 {viel Spaß, 
und Gruß aus Berlin}  2.Bb2 {Schöne Grüsse aus der 
Schweiz, Nähe St.Gallen}  e6 3.e3 Bxb4 4.Bxg7 c6 
5.Bxh8 Qb6 6.Bc3 Na6 7.Bxb4 Nxb4 8.a3 Na6 9.Bxa6 
bxa6 10.Nf3 f6 11.O-O e5 12.Ne1 e4 13.f3 Bf5 
14.fxe4 Bxe4 15.Qh5+ Kf8 16.Nc3 d4 17.Nxe4 Qb2 
18.Qc5+ Kg7 19.Nf3 Qb7 20.exd4 Re8 21.Nd6 Qd7 
22.Rab1 Nh6 23.Nxe8+ Qxe8 24.Qxa7+ Kg6 25.Nh4+ Kg5 
26.Qxh7 Qh5 27.Nf3+ Kg4 28.Qe4+ 1-0

[Event "HCL-C4098"]
[Site "www.playchess.de"]
[Date "2006.03.03"]
[Round "35"]
[White "lontjr"]
[Black "Thrustnicely"]
[WhiteElo "1159"]
[BlackElo "970"]
[PlyCount "52"]
[Result "0-1"]

1.c4 {Hi, and here's to a good game!}  e5 
{"fingers crossed "}  2.Nf3 {Hey, you're ahead 2 
of 3.  It's my time now!  Good game to you!}  f6 
{i'll do my best ;-)}  3.Nc3 c6 4.e4 Na6 5.Be2 Qa5 
6.O-O g5 7.d4 exd4 8.Nxd4 d6 9.Bh5+ Kd8 10.Nb3 Qb4 
11.a3 Qxc4 12.Be2 Qe6 13.Bxa6 bxa6 14.Na5 Qd7 
15.f4 g4 16.f5 h5 17.h4 gxh3 18.gxh3 Qg7+ 19.Kh2 
Qc7 20.Bf4 Qxa5 21.b4 Qc7 22.Rc1 Bh6 23.Bxd6 Qd7 
24.e5 Bxc1 25.Qxc1 Ne7 26.Rd1 Qxf5 0-1

[Event "HCL-B3881"]
[Site "www.playchess.de"]
[Date "2006.03.03"]
[Round "8"]
[White "pytolo98"]
[Black "mitke"]
[WhiteElo "1173"]
[BlackElo "1291"]
[PlyCount "61"]
[Result "1-0"]

1.e4 e5 2.Nf3 Nc6 3.Bc4 Bc5 4.d3 d6 5.O-O Nf6 
6.Bg5 h6 7.Bxf6 Qxf6 8.Nc3 Ne7 9.a3 Be6 10.Bb5+ c6 
11.Bc4 b5 12.Bxe6 Qxe6 13.b4 Bb6 14.a4 O-O 15.h3 
Rad8 16.Ne2 f5 17.exf5 Nxf5 18.c3 a6 19.axb5 axb5 
20.Ra6 Rdb8 21.Re1 Rf7 22.d4 e4 23.Nd2 e3 24.Nf3 
exf2+ 25.Kxf2 Ra7 26.Rxa7 Bxa7 27.Qa1 Re8 28.Qxa7 
Qe3+ 29.Kf1 Re4 30.Qa8+ Kh7 31.Qc8 1-0

[Event "HCL-A2623"]
[Site "www.playchess.de"]
[Date "2006.03.03"]
[Round "10"]
[White "ArturPinto"]
[Black "hal1958"]
[WhiteElo "1700"]
[BlackElo "1416"]
[PlyCount "67"]
[Result "1-0"]

1.c4 Nf6 2.Nc3 e5 3.e4 Bc5 4.Be2 O-O 5.d3 h6 6.Nf3 
d6 7.Bd2 Nc6 8.O-O a6 9.a4 Bg4 10.Ne1 Bxe2 11.Nxe2 
Nd4 12.b4 Nxe2+ 13.Qxe2 Bd4 14.Ra2 Qd7 15.Nf3 Ba7 
16.h3 b5 17.a5 c6 18.Nh4 Kh7 19.Nf5 d5 20.c5 dxe4 
21.dxe4 Qe6 22.Bc3 Rad8 23.Rd2 Bb8 24.f3 Bc7 
25.Rfd1 g6 26.R2xd8 Rxd8 27.Rxd8 Bxd8 28.Nd6 Bc7 
29.Qb2 Nd7 30.Qd2 Kg7 31.f4 f6 32.g4 exf4 33.Qxf4 
g5 34.Nf5+ 1-0

[Event "HCL-C4098"]
[Site "www.playchess.de"]
[Date "2006.03.03"]
[Round "24"]
[White "aidogael"]
[Black "spartan1"]
[WhiteElo "1126"]
[BlackElo "908"]
[PlyCount "71"]
[Result "1-0"]

1.e4 e5 2.Nf3 f6 3.Bc4 b6 4.O-O Ne7 5.d4 Ba6 
6.Bxa6 Nxa6 7.dxe5 d6 8.exf6 gxf6 9.Nc3 c6 10.Bf4 
Ng6 11.Be3 Ne5 12.Nxe5 fxe5 13.Qh5+ Kd7 14.Qg4+ 
Kc7 15.Rad1 Be7 16.f4 Rg8 17.Qh5 Bf6 18.fxe5 Bxe5 
19.Rf7+ Kc8 20.Qf5+ Kb8 21.Qd7 Qxd7 22.Rxd7 Nb4 
23.Rxh7 Nxc2 24.Bh6 Nd4 25.Rf1 Ne6 26.Re7 Nc7 
27.Rff7 Ne8 28.Bf4 Bxf4 29.Rxf4 Nc7 30.e5 dxe5 
31.Rff7 Rc8 32.Ne4 Nd5 33.Rxe5 Rc7 34.Re8+ Rc8 
35.Nd6 Rxe8 36.Rb7+ 1-0

[Event "HCL-M853"]
[Site "www.playchess.de"]
[Date "2006.03.03"]
[Round "5"]
[White "dudi"]
[Black "PurpleKnight25"]
[WhiteElo "1712"]
[BlackElo "1785"]
[PlyCount "83"]
[Result "1-0"]

1.e4 Nf6 2.e5 Nd5 3.d4 d6 4.Nf3 {Greetings form 
the UK. Good luck and have a nice game.}  dxe5 
{same here:)}  5.Nxe5 g6 6.Bc4 c6 7.O-O Bg7 8.Re1 
O-O 9.Bb3 Be6 10.Nd2 Nd7 11.Ndf3 Nxe5 12.Nxe5 Nc7 
13.Be3 Bxb3 14.axb3 Nd5 15.Bd2 e6 16.c4 Nb6 17.Bc3 
a6 18.Ba5 c5 19.Qf3 cxd4 20.Bxb6 Qxb6 21.Nd7 Qc6 
22.Qxc6 bxc6 23.Nxf8 {Happy New Year from 
England!!}  Bxf8 24.Red1 e5 25.Ra5 f6 26.Rda1 Rb8 
27.R5xa6 Rxb3 28.Rxc6 Rxb2 29.f3 d3 30.Rd1 d2 
31.Rxf6 Rc2 32.Kf2 Bb4 33.Re6 Rxc4 {(offering 
draw)}  34.Rxe5 Rd4 35.Ke3 Rd8 36.g4 Bd6 37.Rd5 
Kf7 38.R1xd2 Ke6 39.h4 Bf4+ 40.Kxf4 Rxd5 41.Rxd5 
Kxd5 42.Kg5 1-0

[Event "ACL-E211"]
[Site "www.playchess.de"]
[Date "2006.03.03"]
[Round "1"]
[White "Brrrr"]
[Black "susygusy"]
[WhiteElo "1942"]
[BlackElo "2035"]
[PlyCount "97"]
[Result "1-0"]

1.d4 {Greetings from Canada! Have a good game.}  
Nf6 {hello !! from italy good game}  2.Nf3 {I know 
you are a big fan of the Budapest Gambit, so no 
2.c4 for me. :-)}  d6 {yes i love the gambit}  
3.c4 Nbd7 4.Nc3 e5 5.e4 Be7 6.Be2 c6 7.O-O O-O 
8.Re1 Qc7 9.Bf1 Re8 10.h3 Nf8 11.Be3 Ng6 12.Qd2 
Bd7 13.Rad1 Rad8 14.d5 c5 15.a3 b6 16.b4 a6 
17.Rdb1 Rdb8 18.Rec1 Ref8 19.Rb3 Rb7 20.Rcb1 Rfb8 
21.Be2 Nh5 22.Qd1 Nf6 23.Nh2 Bd8 24.Nf1 Ra7 25.Qd2 
Be7 26.Ng3 Raa8 27.Qb2 Bd8 28.bxc5 dxc5 29.a4 Qd6 
30.a5 h6 31.axb6 Rb7 32.Qa3 Bxb6 33.Nf5 Bxf5 
34.exf5 Nf8 35.Na4 Rab8 36.Nxb6 R7xb6 37.Bxc5 
R6xb3 38.Rxb3 Rxb3 39.Bxd6 Rxa3 40.Bxa3 N8d7 41.f3 
Nb8 42.Bd1 Nbd7 43.Bb3 h5 44.c5 Kf8 45.c6+ Ke8 
46.c7 Nb6 47.Ba4+ Nfd7 48.Bc5 Nc8 
49.h4 1-0

[Event "HCL-C4130"]
[Site "www.playchess.de"]
[Date "2006.03.03"]
[Round "24"]
[White "epenz"]
[Black "valpa"]
[WhiteElo "949"]
[BlackElo "1090"]
[PlyCount "60"]
[Result "0-1"]

1.e4 Nf6 2.Nc3 d5 3.e5 Nfd7 4.d4 e6 5.Nf3 Bb4 
6.Bd2 O-O 7.Bd3 g6 8.Bh6 Re8 9.O-O Bf8 10.Qd2 f6 
11.a3 Bg7 12.Bxg7 Kxg7 13.Rfe1 fxe5 14.Nxe5 Nxe5 
15.Rxe5 Nc6 16.Ree1 Nxd4 17.Ne2 Nxe2+ 18.Rxe2 Qf6 
19.f3 Qxb2 20.a4 Qxa1+ 21.Re1 Qxa4 22.Re2 Qa1+ 
23.Kf2 Qf6 24.g4 e5 25.h3 e4 26.Bxe4 dxe4 27.f4 g5 
28.Kg3 gxf4+ 29.Kh2 f3 30.Re3 f2 0-1

[Event "HCL-C4006"]
[Site "www.playchess.de"]
[Date "2006.03.03"]
[Round "1"]
[White "rad"]
[Black "qqq"]
[WhiteElo "800"]
[BlackElo "1465"]
[PlyCount "68"]
[Result "0-1"]

1.e4 c5 2.Bc4 d6 3.d4 cxd4 4.Qxd4 Nc6 5.Qc3 Nf6 
6.Qb3 e6 7.f3 Be7 8.Ne2 O-O 9.O-O a6 10.Be3 b5 
11.Bd3 Bb7 12.c4 Na5 13.Qc3 bxc4 14.Bc2 d5 15.e5 
Nd7 16.b4 Nc6 17.Nf4 Bxb4 18.Qb2 Qc7 19.Ba4 Ndxe5 
20.Nh5 f6 21.a3 Nd3 22.Qc2 Bd6 23.g3 Be5 24.Ra2 
Nd4 25.Qg2 Nf5 26.Bd2 d4 27.Qh3 Bd5 28.Bc2 Nc5 
29.Bxf5 exf5 30.Qxf5 c3 31.Rc2 cxd2 32.Nxd2 Qd6 
33.Qg4 Ra7 34.Rb2 Be6 0-1

[Event "HCL-E1530"]
[Site "www.playchess.de"]
[Date "2006.03.03"]
[Round "20"]
[White "Emerson"]
[Black "Tarrega"]
[WhiteElo "1811"]
[BlackElo "1559"]
[PlyCount "78"]
[Result "0-1"]

1.e4 {welcome again!}  e6 {sorry bout the last 
game.  Didn't even think.  I'll make sure you get 
a game this time}  2.Qe2 {I hope ypu will not 
think toooo intensive...
good match!}  c5 3.Nf3 Nc6 4.c3 e5 5.d3 d6 6.h3 f5 
7.g3 Nf6 8.Bg5 h6 9.Bxf6 Qxf6 10.Bg2 f4 11.Nbd2 
Be6 12.a3 Be7 13.O-O-O Na5 14.d4 cxd4 15.Qb5+ Nc6 
16.cxd4 Bd7 17.d5 Nd4 18.Qxb7 Rc8+ 19.Kb1 Bd8 
20.Qxa7 Nb5 21.Qa6 O-O 22.Bf1 Rb8 23.Ka1 Bc7 
24.Qa4 Rba8 25.Qb3 Rfb8 26.Bxb5 Bxb5 27.Rdc1 Be2 
28.Qc2 Bb6 29.Ng1 f3 30.Nxe2 fxe2 31.Nc4 Bd4 
32.Qxe2 Bxb2+ 33.Nxb2 Rxa3+ 34.Kb1 Qe7 35.Kc2 Ra2 
36.Rcb1 Qa7 37.Kc1 {what happens to me? I think 
you´re playing a great final here...}  Raxb2 {I 
love those open files.  Kinda reminds me of the 
Benko Gambit.}  38.Rxb2 {I think it´s over    
:>(((}  Qa1+ {you shoulda taken with the queen}  
39.Kd2 {Would that have been my escape??!}  Rxb2+ 
{I certainly hope not!!}  0-1

[Event "HCL-T263"]
[Site "www.playchess.de"]
[Date "2006.03.03"]
[Round "3"]
[White "stevetilbury"]
[Black "wbaldan"]
[WhiteElo "1630"]
[BlackElo "1754"]
[PlyCount "53"]
[Result "1-0"]

1.d4 f5 2.c4 Nf6 3.g3 {Hello from london}  d6 
{Hello from Brussels}  4.Bg2 g6 5.Nc3 Bg7 6.Nf3 
O-O 7.O-O c6 8.b3 a5 9.Bb2 Na6 10.a3 Qc7 11.Qc2 
Re8 12.Rae1 e5 13.e3 Qf7 14.Ng5 Qc7 15.d5 e4 
16.dxc6 bxc6 17.Red1 Nc5 18.Ne2 h6 19.Nh3 Nfd7 
20.Nef4 Kh7 21.Bxg7 Kxg7 22.Qd2 Nxb3 23.Qc3+ Kh7 
24.Qxb3 {In our new game I hit the move button 
before I saw your greeting. Apologies for seeming 
rude. I'll move in that game tonight}  Nc5 {You do 
not seem rude at all and I am pleased to play with 
a player of your quality}  25.Qc3 {Thanks, I'm 
enjoying all the games on both the sites I play 
on, 'chatting' with many interesting people}  Ba6 
{what other site are U playing on?}  26.Qf6 
{Letsplaychess.com and one other which I don't 
access from work, can't remember its name - do you 
play on others?}  Qg7 {no this is the only one. I 
like it}  27.Qxg7+ 1-0

[Event "HCL-C4120"]
[Site "www.playchess.de"]
[Date "2006.03.03"]
[Round "2"]
[White "n4337m"]
[Black "VITAL"]
[WhiteElo "1464"]
[BlackElo "1293"]
[PlyCount "41"]
[Result "1-0"]

1.e4 {good luck}  e5 {ok}  2.Nf3 Nc6 3.Bb5 Nd4 
4.a4 Bc5 5.O-O Qf6 6.Nxd4 Bxd4 7.Ra3 c6 8.Bc4 Ne7 
9.Rf3 Qg5 10.Bxf7+ Kd8 11.c3 Bb6 12.d4 Qg4 13.dxe5 
Qxe4 14.Bg5 Qxe5 15.Qd2 d5 16.Re1 Qxe1+ 17.Qxe1 
Bc5 18.Qe5 Bd7 19.b4 Rf8 20.bxc5 Bg4 
21.Qxe7+ 1-0

[Event "HCL-M886"]
[Site "www.playchess.de"]
[Date "2006.03.03"]
[Round "4"]
[White "Rajah"]
[Black "garethh"]
[WhiteElo "1803"]
[BlackElo "1886"]
[PlyCount "65"]
[Result "1-0"]

1.e4 {Hello again!}  c5 {hi, good luck.}  2.Nf3 d6 
3.d4 cxd4 4.Nxd4 Nf6 5.Nc3 a6 6.Be2 e6 7.O-O Be7 
8.a3 O-O 9.Qd3 Nc6 10.Nxc6 bxc6 11.Qf3 e5 12.Qg3 
Kh8 13.Be3 a5 14.Rad1 Qc7 15.f4 Ba6 16.fxe5 dxe5 
17.Bxa6 Rxa6 18.Rf5 c5 19.Qxe5 Qb7 20.Bxc5 Bxc5+ 
21.Qxc5 Rc8 22.Qb5 Qa7+ 23.Kh1 Rb6 24.Qe5 Qb8 
25.Qd4 Ng4 26.e5 Nh6 27.Rh5 Rg6 28.Nd5 Re6 29.Nf4 
Rec6 30.c3 Qxb2 31.Rxh6 gxh6 32.e6+ Kg8 
33.Nh5 1-0

[Event "HCL-B3864"]
[Site "www.playchess.de"]
[Date "2006.03.03"]
[Round "2"]
[White "pirracas"]
[Black "Buddy"]
[WhiteElo "1727"]
[BlackElo "940"]
[PlyCount "95"]
[Result "1-0"]

1.e4 {Hi from Xalapa Mexico}  c5 2.Nf3 e6 3.Bc4 d5 
4.exd5 exd5 5.Qe2+ Ne7 6.Bb5+ Bd7 7.Ne5 Nbc6 
8.Nxd7 Qxd7 9.O-O a6 10.Bxc6 bxc6 11.d3 h6 12.c3 
Qe6 13.Qxe6 fxe6 14.Be3 Nf5 15.Nd2 Rb8 16.b3 d4 
17.Bf4 Bd6 18.Bxd6 Nxd6 19.c4 O-O 20.Rfe1 Rfe8 
21.Nf3 Nf7 22.Ne5 Nxe5 23.Rxe5 Rbc8 24.Rxc5 e5 
25.Re1 Re7 26.Rcxe5 Rf7 27.R5e8+ Rxe8 28.Rxe8+ Kh7 
29.Ra8 Re7 30.Kf1 c5 31.Rxa6 Rf7 32.g4 Rf3 33.Ke2 
Rh3 34.Rc6 Rxh2 35.a4 Rg2 36.Kf3 Rg1 37.a5 Rd1 
38.Ke4 Re1+ 39.Kd5 Rg1 40.a6 Rxg4 41.a7 Rg5+ 
42.Ke4 Rg4+ 43.Kf3 h5 44.a8Q Rg5 45.Qf8 h4 46.Rxc5 
Rg6 47.Qf5 Kh6 48.Qh5+ 1-0

[Event "HCL-C4148"]
[Site "www.playchess.de"]
[Date "2006.03.03"]
[Round "5"]
[White "epenz"]
[Black "Idris"]
[WhiteElo "951"]
[BlackElo "844"]
[PlyCount "60"]
[Result "0-1"]

1.e4 {hi..good luck}  e5 {Hi and good luck too 
you}  2.Nf3 Nc6 3.Nc3 d6 4.d3 Be7 5.Be2 Nf6 6.h3 
Be6 7.O-O b6 8.Be3 Qd7 9.a3 O-O 10.Re1 Bxh3 11.Nh2 
Be6 12.Bg5 h6 13.Bxf6 Bxf6 14.Bg4 Bxg4 15.Nxg4 Bh4 
16.g3 Bg5 17.Nd5 a5 18.Rf1 f5 19.Nh2 f4 20.Qf3 Nd4 
21.Qd1 fxg3 22.fxg3 Rxf1+ 23.Qxf1 Be3+ 24.Kg2 Nxc2 
25.Rb1 Rf8 26.Nf3 Nd4 27.Qe2 Nxe2 28.Re1 {upsss}  
Qf7 29.Rf1 Qg6 30.Nxe3 Qxg3+ 0-1

[Event "HCL-C4106"]
[Site "www.playchess.de"]
[Date "2006.03.03"]
[Round "13"]
[White "Tomcat"]
[Black "epenz"]
[WhiteElo "800"]
[BlackElo "1025"]
[PlyCount "87"]
[Result "1-0"]

1.e4 e5 2.f3 Nf6 3.Nc3 d6 4.Bd3 Be7 5.Nge2 O-O 
6.h3 Nc6 7.f4 exf4 8.Nxf4 Re8 9.O-O Nd4 10.b3 a6 
11.Bb2 c6 12.Nb1 Nb5 13.Re1 h6 14.Nc3 Nxc3 15.Bxc3 
d5 16.exd5 Nxd5 17.Nh5 g6 18.Ng3 Nxc3 19.dxc3 Kg7 
20.Qf3 Bd6 21.Ne4 f6 22.Ref1 f5 23.Nd2 Be5 24.Nb1 
Qf6 25.Nd2 Bxc3 26.Rad1 Bxd2 27.Rxd2 b5 28.g4 Bd7 
29.gxf5 g5 30.Qg2 Re5 31.c3 Rc8 32.h4 Bxf5 33.Rdf2 
Qe6 34.Bxf5 Qd5 35.Qxd5 cxd5 36.Bxc8 a5 37.h5 Re8 
38.Bd7 Rd8 39.R2f7+ Kg8 40.Be6 Kh8 41.R7f8+ Rxf8 
42.Rxf8+ Kg7 43.Rf7+ Kh8 44.Bxd5 1-0

[Event "HCL-A2617"]
[Site "www.playchess.de"]
[Date "2006.03.03"]
[Round "10"]
[White "mrchess"]
[Black "Wernswig"]
[WhiteElo "1473"]
[BlackElo "1381"]
[PlyCount "72"]
[Result "1/2-1/2"]

1.e4 {good game}  e5 {hi, you too}  2.Nf3 Nc6 
3.Bc4 Be7 4.c3 Nf6 5.d3 d6 6.Qb3 Na5 7.Bxf7+ Kf8 
8.Qa4 Kxf7 9.Qxa5 h6 10.Be3 Be6 11.Nbd2 Rf8 12.O-O 
Kg8 13.Nh4 Nd7 14.Ng6 Rf7 15.Nxe7+ Rxe7 16.b4 b6 
17.Qa4 Rf7 18.Qc2 Qf6 19.f4 exf4 20.Rxf4 Qg6 
21.Raf1 Raf8 22.R4xf7 Rxf7 23.Rxf7 Kxf7 24.Nf3 Nf6 
25.Nd4 Ng4 26.Bf4 Qf6 27.g3 g5 28.Nxe6 Kxe6 29.Bc1 
Qf3 30.d4 Ne3 31.Bxe3 Qxe3+ 32.Kg2 g4 33.e5 Qf3+ 
34.Kg1 Qe3+ 35.Kg2 Qf3+ 36.Kg1 Qe3+ {(offering 
draw)}  1/2-1/2

[Event "HCL-B3835"]
[Site "www.playchess.de"]
[Date "2006.03.03"]
[Round "18"]
[White "King_Slayer"]
[Black "slavi"]
[WhiteElo "1273"]
[BlackElo "1538"]
[PlyCount "85"]
[Result "1-0"]

1.d4 {Hi and Good Luck}  Nf6 2.c4 g6 3.Nc3 Bg7 
4.e4 d6 5.f4 O-O 6.Bd3 c5 7.d5 Bg4 8.Nge2 e6 9.O-O 
exd5 10.cxd5 a6 11.Qc2 b5 12.Ng3 Re8 13.f5 gxf5 
14.exf5 Qb6 15.Kh1 c4 16.Be2 Bxe2 17.Ncxe2 Nbd7 
18.Nf4 Re5 19.Nfh5 Nxh5 20.Nxh5 Rae8 21.Bf4 R5e2 
22.Qd1 Bxb2 23.Rb1 c3 24.Qd3 R2e3 25.Bxe3 Rxe3 
26.Qd1 Ne5 27.Nf6+ Kg7 28.Nh5+ Kf8 29.Qc2 Qd4 
30.Nf4 Qd2 31.Qxd2 cxd2 32.Rxb2 Re1 33.Rb1 Rxb1 
34.Rxb1 Ng4 35.Nd3 Ne3 36.Nb2 Nc4 37.Nd1 Na3 
38.Rb3 Nc4 39.f6 Kg8 40.Rg3+ Kf8 41.Rg7 b4 42.Rxh7 
Kg8 43.Rh4 1-0

[Event "ACL-B032"]
[Site "www.playchess.de"]
[Date "2006.03.03"]
[Round "31"]
[White "Peter_Richard"]
[Black "ulibear"]
[WhiteElo "1747"]
[BlackElo "1331"]
[PlyCount "35"]
[Result "1-0"]

1.d4 {Hello again!}  e6 {hello and good luck:-)}  
2.e4 c5 3.d5 exd5 4.exd5 d6 5.Bb5+ Bd7 6.Bxd7+ 
Nxd7 7.Nf3 Qe7+ 8.Be3 O-O-O 9.O-O Nb6 10.Re1 Qc7 
11.Na3 a6 12.Rb1 f6 13.c4 Ne7 14.b4 Nf5 15.Bd2 Nd7 
16.b5 Nb6 17.Ba5 g6 18.bxa6 1-0

[Event "HCL-B3883"]
[Site "www.playchess.de"]
[Date "2006.03.03"]
[Round "1"]
[White "cheloveck"]
[Black "pirracas"]
[WhiteElo "1249"]
[BlackElo "1539"]
[PlyCount "82"]
[Result "0-1"]

1.e4 Nf6 2.e5 Nd5 3.c4 Nb6 4.Nc3 c5 5.Nf3 g6 6.d4 
cxd4 7.Nxd4 Bg7 8.f4 Nc6 9.Nf3 O-O 10.Bd3 Nb4 
11.b3 d6 12.Bd2 Nxd3+ 13.Ke2 dxe5 14.fxe5 Nxe5 
15.Nxe5 Bxe5 16.h3 Bxc3 17.Bxc3 Qxd1+ 18.Raxd1 Bf5 
19.Bb4 Rfe8 20.Rhe1 e5 21.Bc3 e4 22.Kf2 Rad8 
23.Rxd8 Rxd8 24.g4 e3+ 25.Rxe3 Be6 26.Kf3 Nc8 
27.Ke2 a6 28.Bf6 Rd7 29.Re4 Na7 30.Re5 Nc6 31.Re4 
b5 32.cxb5 axb5 33.a4 bxa4 34.bxa4 h6 35.Re3 Ra7 
36.Rc3 Ra6 37.Rc5 g5 38.Bc3 f5 39.gxf5 Bb3 40.a5 
Kf7 41.f6 Be6 0-1

[Event "HCL-A2595"]
[Site "www.playchess.de"]
[Date "2006.03.03"]
[Round "7"]
[White "steady_eddie"]
[Black "TyrTRR"]
[WhiteElo "1671"]
[BlackElo "1700"]
[PlyCount "50"]
[Result "0-1"]

1.d4 Nf6 {nice to meet you, good luck}  2.c4 {hi 
u2}  g6 3.Nc3 Bg7 4.e4 d6 5.Be2 O-O 6.Nf3 e5 7.O-O 
Nc6 8.d5 Ne7 9.Ne1 Nd7 10.f3 f5 11.Nd3 f4 12.Bd2 
g5 13.b4 Nf6 14.c5 Ng6 15.h3 Nh5 16.Be1 Rf7 17.Rc1 
Bf8 18.Rc2 Rg7 19.Bf2 Nh4 20.Qb1 Qd7 21.Qb3 Nxg2 
22.Kxg2 Qxh3+ 23.Kg1 Ng3 24.Bxg3 Qxg3+ 25.Kh1 
Rg6 0-1

[Event "HCL-C4161"]
[Site "www.playchess.de"]
[Date "2006.03.03"]
[Round "3"]
[White "Tribun"]
[Black "JMD"]
[WhiteElo "759"]
[BlackElo "1323"]
[PlyCount "58"]
[Result "0-1"]

1.e4 e5 {greetings from Paris}  2.Nf3 {...and 
Hello from Berlin}  Nf6 3.d3 Nc6 4.Be3 d6 5.Be2 
Bg4 6.h3 Bxf3 7.Bxf3 h6 8.g4 g5 9.Nc3 a6 10.Qd2 
Bg7 11.O-O-O O-O 12.b3 b5 13.b4 Nxb4 14.Nd5 Nbxd5 
15.exd5 Nd7 16.h4 f6 17.Be4 Qe8 18.Qe2 Qb8 19.hxg5 
fxg5 20.Bf5 Qd8 21.f3 Nf6 22.Bxg5 hxg5 23.Qh2 Kf7 
24.Qh7 Nxh7 25.Rxh7 Qf6 26.Rdh1 Rfh8 27.R1h6 Qxh6 
28.Be6+ Ke7 29.Bf5 Rxh7 0-1

[Event "HCL-C4181"]
[Site "www.playchess.de"]
[Date "2006.03.03"]
[Round "4"]
[White "Skipper_Robert"]
[Black "nichju"]
[WhiteElo "977"]
[BlackElo "989"]
[PlyCount "34"]
[Result "0-1"]

1.e4 {Auf ein Neues, viel Spaß!}  e5 {Das wünsche 
ich Dir auch!}  2.Nf3 d6 3.Bc4 Nf6 4.Ng5 Be7 
5.Nxf7 Qd7 6.Nxh8 d5 7.exd5 Qg4 8.O-O Qxc4 9.Re1 
Bg4 10.d3 Qd4 11.Be3 Qxb2 12.Qc1 Qxa1 13.h3 Bf5 
14.Bg5 Nbd7 15.Bxf6 Nxf6 16.Rxe5 Qxe5 17.c4 
Bd6 0-1

[Event "HCL-B3881"]
[Site "www.playchess.de"]
[Date "2006.03.03"]
[Round "10"]
[White "Iron_Flower"]
[Black "mitke"]
[WhiteElo "1238"]
[BlackElo "1291"]
[PlyCount "37"]
[Result "1-0"]

1.d4 {Hi, from Leeuwarden, the Netherlands}  Nf6 
{Hi, from Pula,Croatia}  2.c4 g6 3.Nc3 Bg7 4.Nf3 
O-O 5.Bf4 d6 6.e3 c6 7.Bd3 Nh5 8.Ne2 Bg4 9.h3 Bxf3 
10.gxf3 Nxf4 11.Nxf4 e5 12.Ne2 Re8 13.Qb3 Qd7 
14.O-O-O Rc8 15.h4 b5 16.cxb5 cxb5+ 17.Kb1 a6 
18.h5 Kf8 19.hxg6 1-0

[Event "HCL-B3866"]
[Site "www.playchess.de"]
[Date "2006.03.03"]
[Round "1"]
[White "schnitzly"]
[Black "cheloveck"]
[WhiteElo "1241"]
[BlackElo "1131"]
[PlyCount "82"]
[Result "1-0"]

1.e4 {hi and much fun!}  e5 2.Nf3 Nc6 3.Bb5 Nf6 
4.d3 h6 5.O-O d6 6.Nc3 Bd7 7.a3 a6 8.Bc4 Be7 9.Ne2 
Bg4 10.Ng3 Nh5 11.h3 Nxg3 12.fxg3 Bh5 13.g4 Bg6 
14.b4 O-O 15.Be3 Re8 16.Qd2 Bf6 17.Bxh6 gxh6 
18.Qxh6 Ne7 19.Bxf7+ Bxf7 20.Qxf6 Nc6 21.Qf5 Ne7 
22.Qg5+ Ng6 23.Qh5 Nf4 24.Qh6 Re6 25.Qg5+ Rg6 
26.Qxd8+ Rxd8 27.Nh4 Rf6 28.Nf5 Bg6 29.h4 Rd7 
30.g3 Ne2+ 31.Kh2 Bxf5 32.g5 Rg6 33.exf5 Rgg7 
34.f6 Rg6 35.Kh3 Nd4 36.c3 Nc2 37.Ra2 Ne3 38.Rf3 
Nd5 39.c4 Nc3 40.Rc2 Na4 41.Kg4 
Kh7 1-0

[Event "HCL-M875"]
[Site "www.playchess.de"]
[Date "2006.03.03"]
[Round "9"]
[White "ppicollo"]
[Black "Eaglewingz"]
[WhiteElo "1779"]
[BlackElo "1974"]
[PlyCount "37"]
[Result "1-0"]

1.e4 {hellofrombuenos aires}  c5 {Hi from 
Florida..To a good game!}  2.Nf3 e6 3.d4 cxd4 
4.Nxd4 Nc6 5.c4 Nf6 6.Nc3 Bb4 {Happy New Year!}  
7.Nxc6 bxc6 8.Bd3 e5 9.O-O O-O 10.a3 Be7 11.b4 Bb7 
12.c5 d6 13.cxd6 Qxd6 14.Be3 Rfd8 15.Bc4 Qxd1 
16.Raxd1 Rxd1 17.Rxd1 Rd8 18.Rxd8+ Bxd8 
19.Bxa7 1-0

[Event "HCL-M863"]
[Site "www.playchess.de"]
[Date "2006.03.03"]
[Round "2"]
[White "Eaglewingz"]
[Black "Duke01"]
[WhiteElo "1974"]
[BlackElo "1680"]
[PlyCount "79"]
[Result "1-0"]

1.e4 {Hello, to a good game!}  c5 2.Nf3 d6 3.Bb5+ 
Bd7 4.Bxd7+ Nxd7 5.O-O Ngf6 6.Re1 g6 7.c3 Bg7 8.d4 
cxd4 9.cxd4 O-O 10.Nc3 Rc8 11.h3 e6 12.Be3 Nb6 
13.Rc1 Nc4 14.Qe2 Nxe3 15.Qxe3 Qb6 16.Re2 Rc4 
17.Rec2 Rfc8 18.b3 R4c7 19.Na4 R7xc2 20.Rxc2 Qd8 
21.Rxc8 Qxc8 22.Qc3 Qc6 23.Qxc6 bxc6 24.e5 dxe5 
25.Nxe5 Ne8 26.Nxc6 Nd6 27.Nxa7 Bxd4 28.Nc6 e5 
29.Nxd4 exd4 30.Nc5 f5 31.a4 Kf7 32.Kf1 Ke7 33.Ke2 
Ne4 34.Nxe4 fxe4 35.b4 Kd6 36.b5 Kc5 37.f3 e3 
38.Kd3 Kb6 39.f4 Kc5 40.g4 1-0

[Event "HCL-B3850"]
[Site "www.playchess.de"]
[Date "2006.03.03"]
[Round "2"]
[White "Roy_the_Sealed_Sword"]
[Black "Marvinni"]
[WhiteElo "760"]
[BlackElo "1787"]
[PlyCount "24"]
[Result "0-1"]

1.g3 d5 2.b3 e5 3.Bb2 Bd6 4.Bg2 c6 5.d3 Bf5 6.e4 
dxe4 7.dxe4 Bg6 8.h4 Nf6 9.Nf3 Qe7 10.a4 O-O 11.a5 
Nxe4 12.O-O Rd8 0-1